000 00393nam a22001577a 4500
003 MPLRDC
005 20220104113610.0
008 210129b ||||| |||| 00| 0 eng d
082 _a857.62 KNDE-3 v.1
100 _a柯南道尔
245 _a福尔摩斯新探案
_c夏新译
260 _a
_b新文化事业公司
_c
300 _b
650 _a推理小说
942 _cBK
_o857.62 KNDE-3 v.1
999 _c877
_d867